| 000 | 00462nam a22001577a 4500 | ||
|---|---|---|---|
| 003 | SGT | ||
| 020 | _a9788176710848 | ||
| 082 | _a541.2,DRA | ||
| 100 | _aDRAGO, RUSSELL S. | ||
| 245 | _aPHYSICAL METHODS IN INORGANIC CHEMISTRY | ||
| 260 |
_aNEW DELHI _bAFFILIATED EAST WEST PRESS PRIVATE LIMITED _c2015 |
||
| 300 | _a430 | ||
| 650 | _aTHEORETICAL CHEMISTRY | ||
| 653 | _aATOMIC AND MOLECULAR STRUCTURE,SPECTROSCOPIC METHODS,MAS SPECTROMETRY | ||
| 942 |
_2ddc _cFPS |
||
| 999 |
_c9307 _d9307 |
||